00719 2200241 4500001002100000005001700021008004100038020001800079035002400097082001200121090002200133100002700155245006800182250001300250260005100263300001800314500002900332650006500361850001500426980001500441985000600456999001500462YOGYA-0209000003172920090227024620.0 ind  a979-420-307-6 0010-020900000031729 a344.046 a344.046bHar ElT aHarjasumantri, Kusnadi aEnvironmental legislation in IndonesiacKoesnadi Harjasoemantri aEd. 3 th aYogyakartabGadjah Mada University Pressc1994 a58 hlmc23 cm aBibliografi : hlm. 35-36 aLingkungan hidup - Undang-undang dan peraturan interprestasi aYOPDYOG(B) a10-07-2006 a1 a95P0068271